[Event "G7-1"]
[Site "Svendborg"]
[Date "2019.04.16"]
[Round "1"]
[White "Rossen, Claus"]
[Black "Christensen, Jacob Foged"]
[Result "1/2-1/2"]
[WhiteElo "2159"]
[BlackElo "1995"]
[EventDate "2019.04.16"]
[EventRounds "7"]
[EventCountry "DEN"]
[WhiteFideId "1403222"]
[BlackFideId "1439073"]

1. e4 c5 2. Nc3 Nc6 3. f4 g6 4. Nf3 Bg7 5. Bc4 e6 6. O-O Nge7 7. Qe1 O-O 8. d3 d5 9. Bb3 Nd4 10. Nxd4 cxd4 11. Ne2 dxe4 12. dxe4 Qb6 13. Kh1 Bd7 14. Ng3 Rac8 15. f5 exf5 16. Bg5 Rce8 17. Qd2 fxe4 18. Nxe4 Nf5 19. Rae1 Qc6 20. Ng3 Nxg3+ 21. hxg3 Rxe1 22. Qxe1 Be6 23. Qb4 Bd5 24. Rf2 Re8 25. Ba4 Qe6 26. Bxe8 Qxe8 27. Qe7 Qxe7 28. Bxe7 Be5 29. Bf6 Bxf6 30. Rxf6 Bxa2 31. Rf1 d3 32. cxd3 Bd5 33. Re1 Kg7 34. Re5 Bc6 35. g4 h6 36. Kg1 Kf6 37. d4 a6 38. Kf2 Bd7 39. Rc5 Ke6 40. g5 hxg5 41. Rxg5 Kd6 42. Ke3 Bf5 43. g4 Bd7 44. Kf4 Bc6 45. Re5 Bd7 46. Kg5 Be6 47. Re4 Kd5 48. Rf4 a5 49. Kf6  1/2-1/2

[Event "G7-1"]
[Site "Svendborg"]
[Date "2019.04.16"]
[Round "1"]
[White "Fogh, Jens Olaf Svanholm"]
[Black "Schoning, Lars"]
[Result "1-0"]
[WhiteElo "2099"]
[BlackElo "1935"]
[EventDate "2019.04.16"]
[EventRounds "7"]
[EventCountry "DEN"]
[WhiteFideId "1409476"]
[BlackFideId "816124"]

1. d4 c5 2. e3 Nf6 3. Bd3 Nc6 4. c3 d6 5. Nd2 g6 6. Ne2 Bg7 7. O-O O-O 8. e4 Qc7 9. a3 cxd4 10. cxd4 Bg4 11. f3 Bd7 12. Kh1 Rad8 13. b4 a6 14. Bb2 d5 15. e5 Ne8 16. Ng3 Qb6 17. Nb3 Nc7 18. f4 Ne6 19. Ne2 Na7 20. Nc5 Bb5 21. f5 Nxc5 22. bxc5 Qc6 23. Nf4 Bxd3 24. Qxd3 Qc8 25. e6 gxf5 26. Rae1 Nc6 27. Qxf5 fxe6 28. Qg4 Rf6 29. Nxe6 Rg6 30. Qe2 Re8 31. Nf4 Rf6 32. Nxd5 Rxf1+ 33. Rxf1 Bxd4 34. Bxd4 Nxd4 35. Nxe7+ Rxe7 36. Qxe7  1-0

[Event "G7-1"]
[Site "Svendborg"]
[Date "2019.04.16"]
[Round "1"]
[White "Hemdorff, Dennis"]
[Black "Mortensen, Henrik"]
[Result "0-1"]
[WhiteElo "2031"]
[BlackElo "1923"]
[EventDate "2019.04.16"]
[EventRounds "7"]
[EventCountry "DEN"]
[WhiteFideId "1409506"]
[BlackFideId "1401424"]

1. d4 Nf6 2. c4 c5 3. d5 d6 4. Nc3 g6 5. g3 Bg7 6. Bg2 O-O 7. Nf3 e6 8. O-O exd5 9. cxd5 a6 10. a4 Nbd7 11. h3 Re8 12. Nd2 Rb8 13. Nc4 Ne5 14. Na3 Qc7 15. Qc2 c4 16. Be3 Bf5 17. Qd2 Ned7 18. g4 Be4 19. Nxe4 Nxe4 20. Qc2 Ng3 21. Rfd1 b5 22. Bf3 Ne5 23. Kg2 b4 24. Nb1 c3 25. b3 Nc4 26. bxc4 b3 27. Qd3 c2 28. Bd4 cxd1=Q 29. Qxd1 Bxd4 30. Qxd4 Nxe2 31. Bxe2 Rxe2 32. Nc3 Rc2 33. Ne4 Qxc4 34. Nf6+ Kh8 35. Qe3 Qc3 36. Qa7 Rxf2+ 37. Kxf2 Qxf6+ 38. Kg2 Qb2+ 39. Kg3 Qc3+ 40. Kh2 Qb2+ 41. Kg3 Qc3+ 42. Kg2 Rc8 43. Rf1 Rc7 44. Qxa6 Qd2+ 45. Kg1 Qxd5 46. Qe2 Rc2 47. Qe8+ Kg7 48. Rf2 Rxf2 49. Kxf2 b2 50. Qb8 Qd2+ 51. Kg3 Qd3+  0-1

[Event "G7-1"]
[Site "Svendborg"]
[Date "2019.04.16"]
[Round "1"]
[White "Jensen, Morten Frank"]
[Black "Poulsen, Peter Risgaard"]
[Result "1/2-1/2"]
[WhiteElo "2024"]
[BlackElo "1899"]
[EventDate "2019.04.16"]
[EventRounds "7"]
[EventCountry "DEN"]
[WhiteFideId "1407325"]
[BlackFideId "1407333"]

1. d4 d6 2. Nc3 Nf6 3. Bf4 Nbd7 4. e4 e5 5. Bg3 c6 6. Nf3 Qa5 7. Bd3 exd4 8. Nxd4 Ne5 9. O-O h5 10. f4 Bg4 11. Qd2 Qb4 12. Bf2 Nc4 13. Bxc4 Qxc4 14. b3 Qa6 15. f5 h4 16. h3 Bh5 17. a4 Qa5 18. b4 Qe5 19. Nf3 Bxf3 20. gxf3 Nh5 21. Ne2 d5 22. Bd4 Qc7 23. e5 a5 24. bxa5 c5 25. Bf2 Qxe5 26. Rfe1 O-O-O 27. a6 bxa6 28. Qa5 Rh6 29. Nd4 Qc7 30. Qxc7+ Kxc7 31. Nb3 Nf4 32. Be3 Bd6 33. Nxc5 Bxc5 34. Bxc5 Rc6 35. Be3 Rc4 36. a5 Kc8 37. Rab1 Nxh3+ 38. Kh2 Nf4 39. Bxf4 Rxf4 40. Re7 Rd7 41. Re8+ Rd8  1/2-1/2

[Event "G7-1"]
[Site "Svendborg"]
[Date "2019.04.16"]
[Round "1"]
[White "Sterup, Sebastian"]
[Black "Christensen, Janus"]
[Result "1/2-1/2"]
[WhiteElo "2027"]
[BlackElo "2109"]
[EventDate "2019.04.16"]
[EventRounds "7"]
[EventCountry "DEN"]
[WhiteFideId "1463969"]
[BlackFideId "1408402"]

1. d4 d5 2. c4 c6 3. Nc3 e6 4. Nf3 dxc4 5. e4 b5 6. a4 Bb4 7. axb5 cxb5 8. Bd2 Bxc3 9. Bxc3 Nf6 10. Ne5 O-O 11. f3 Bb7 12. b3 Nxe4 13. fxe4 Qh4+ 14. Kd2 Bxe4 15. Kc1 Nc6 16. Nxc6 Bxc6 17. bxc4 bxc4 18. Qe1 Qg4 19. Qg3 Qxg3 20. hxg3 Bb5 21. Bb4 Rfd8 22. Bc5 a6 23. Be2 Rac8 24. Kc2 e5 25. Kc3 Rc6 26. Bf3 exd4+ 27. Bxd4 Rcd6 28. Rhd1 f5 29. g4 fxg4 30. Bxg4 Re8 31. Bf3 Red8 32. Rd2 g6 33. Rdd1  1/2-1/2

[Event "G7-1"]
[Site "Svendborg"]
[Date "2019.04.16"]
[Round "1"]
[White "Steenstrup, Svend"]
[Black "Jepsen, Thomas Tange"]
[Result "1-0"]
[WhiteElo "1964"]
[BlackElo "2115"]
[EventDate "2019.04.16"]
[EventRounds "7"]
[EventCountry "DEN"]
[WhiteFideId "1409182"]
[BlackFideId "1405357"]

1. d4 d5 2. c4 c6 3. Nf3 Nf6 4. e3 a6 5. Bd3 b5 6. b3 Bg4 7. Nbd2 e6 8. c5 Nbd7 9. Qc2 Qc7 10. Bb2 Bxf3 11. gxf3 e5 12. O-O-O g6 13. f4 exf4 14. e4 O-O-O 15. e5 Nh5 16. Nf3 Bh6 17. Qd2 Ng7 18. Bc3 Rde8 19. Ba5 Qb7 20. Rhg1 Ne6 21. h4 f6 22. exf6 Nxf6 23. Ne5 Nxd4 24. Bc3 Rxe5 25. Bxd4 Re6 26. h5 Rg8 27. hxg6 Ne4 28. gxh7 Qxh7 29. Rxg8+ Qxg8 30. Qa5 f3+ 31. Kc2 Bf4 32. Rh1 Bc7 33. Qxa6+ Kd7 34. Rh8 Qxh8 35. Bxh8 Nxc5 36. Qa3 Nxd3 37. Kxd3 Bb6 38. Bd4 Bxd4 39. Kxd4 Re2 40. Qa7+ Kd6 41. Qb8+ Kd7 42. Qg3  1-0

[Event "G7-1"]
[Site "Svendborg"]
[Date "2019.04.16"]
[Round "1"]
[White "Nielsen, Thomas"]
[Black "Ramkilde, Mikael"]
[Result "1-0"]
[WhiteElo "1945"]
[BlackElo "1949"]
[EventDate "2019.04.16"]
[EventRounds "7"]
[EventCountry "DEN"]
[WhiteFideId "1407147"]
[BlackFideId "1439391"]

1. d4 Nf6 2. c4 e6 3. Nf3 Bb4+ 4. Nbd2 O-O 5. a3 Be7 6. e4 d6 7. Be2 Nbd7 8. O-O e5 9. d5 Nc5 10. Qc2 a5 11. h3 a4 12. Ne1 g5 13. g4 Kh8 14. Ng2 Rg8 15. Ne3 Ra6 16. Rb1 Qf8 17. Kg2 Rb6 18. Rh1 Bd8 19. f3 Qe8 20. Ndf1 Nb3 21. Nf5 Bxf5 22. exf5 Nxc1 23. Qxc1 Rb3 24. Bd1 e4 25. Bxb3 exf3+ 26. Kg1 f2+ 27. Kxf2 Ne4+ 28. Kg2 axb3 29. Qe3 Bf6 30. Re1 Bxb2 31. Qxe4 Qxe4+ 32. Rxe4 Bc1 33. Nd2 Bxd2 34. Rb1 Ba5 35. Rxb3 Bb6 36. Re7 Kg7 37. a4 Ra8 38. Ra3 Kf6 39. Re2 Bc5 40. Raa2 b6 41. Kf3 Bd4 42. Re1 Be5 43. Rh1 Ra5 44. h4 h6 45. hxg5+ hxg5 46. Ke4 Rc5 47. Kd3 Ke7 48. Rh5 Kf6 49. Rh6+ Kg7 50. Rh5 Kf6 51. Rh8 Ke7 52. Ra8 Kd7 53. Re2 c6 54. Ra7+ Ke8 55. dxc6 Rxc6 56. Re1 Kf8 57. Rb1 Bg3 58. Rb2 Be5 59. Rb5 Bh2 60. f6 Ke8 61. Rxg5  1-0

[Event "G7-1"]
[Site "Svendborg"]
[Date "2019.04.16"]
[Round "1"]
[White "Kokholm, Daniel"]
[Black "Hvid, Jorn Christensen"]
[Result "1/2-1/2"]
[WhiteElo "1900"]
[BlackElo "1983"]
[EventDate "2019.04.16"]
[EventRounds "7"]
[EventCountry "DEN"]
[WhiteFideId "1407155"]
[BlackFideId "1415964"]

1. e4 c5 2. a3 e6 3. b4 a5 4. bxc5 Bxc5 5. d4 Be7 6. Bd3 Nc6 7. c3 d6 8. a4 Qc7 9. Na3 Na7 10. Ne2 Nf6 11. O-O O-O 12. f4 Bd7 13. e5 Nd5 14. Rf3 f5 15. Nc4 Nc8 16. Ba3  1/2-1/2

[Event "G7-1"]
[Site "Svendborg"]
[Date "2019.04.17"]
[Round "2"]
[White "Christensen, Janus"]
[Black "Kokholm, Daniel"]
[Result "1-0"]
[WhiteElo "2109"]
[BlackElo "1900"]
[EventDate "2019.04.16"]
[EventRounds "7"]
[EventCountry "DEN"]
[WhiteFideId "1408402"]
[BlackFideId "1407155"]

1. e4 d6 2. d4 Nd7 3. Nf3 h6 4. Bc4 g5 5. c3 e6 6. O-O a6 7. Be3 b6 8. Nbd2 Bb7 9. e5 g4 10. Ne1 dxe5 11. Qxg4 h5 12. Qh3 Ngf6 13. f4 Ng4 14. fxe5 Bh6 15. Bxh6 Rxh6 16. Nd3 Qg5 17. Rf4 Ndxe5 18. dxe5 Nxe5 19. Qg3 Qxg3 20. hxg3 Nxd3 21. Bxd3 e5 22. Rf2 Rd8 23. Be4 Bc8 24. Nc4 f6 25. Raf1 Ke7 26. Ne3  1-0

[Event "G7-1"]
[Site "Svendborg"]
[Date "2019.04.17"]
[Round "2"]
[White "Jepsen, Thomas Tange"]
[Black "Ramkilde, Mikael"]
[Result "1/2-1/2"]
[WhiteElo "2115"]
[BlackElo "1949"]
[EventDate "2019.04.16"]
[EventRounds "7"]
[EventCountry "DEN"]
[WhiteFideId "1405357"]
[BlackFideId "1439391"]

1. d4 Nf6 2. c4 e6 3. Nc3 Bb4 4. Qc2 Nc6 5. Nf3 d6 6. a3 Bxc3+ 7. bxc3 e5 8. e4 Qe7 9. Bd3 O-O 10. Be3 b6 11. O-O Re8 12. Rae1 h6 13. h3 Bb7 14. Nd2 Na5 15. d5 Nh5 16. g3 Bc8 17. Kg2 g5 18. f3 Kh7 19. Rh1 Rg8 20. Kf2 Qf6 21. Rh2 Nf4 22. Reh1 Nb7 23. Ke1 Nh5 24. Bf2 Bd7 25. Be2 Qg6 26. Nf1 Nc5 27. Ne3 Rae8 28. g4 Nf4 29. h4 Kg7 30. Nf5+ Bxf5 31. gxf5 Qf6 32. hxg5 hxg5 33. Rh7+ Kf8 34. R1h6 Qd8 35. Bf1 Nd7 36. Be3 Nf6 37. Rh8 Rxh8 38. Rxh8+ Kg7 39. Rh1 N6h5 40. Rg1 f6 41. Qa4 a5 42. Qc6 Re7 43. Bf2 Qe8 44. Qxe8 Rxe8 45. Rh1 Rh8 46. Kd1 Ra8 47. Kc2 a4 48. Bh3  1/2-1/2

[Event "G7-1"]
[Site "Svendborg"]
[Date "2019.04.17"]
[Round "2"]
[White "Hvid, Jorn Christensen"]
[Black "Sterup, Sebastian"]
[Result "1/2-1/2"]
[WhiteElo "1983"]
[BlackElo "2027"]
[EventDate "2019.04.16"]
[EventRounds "7"]
[EventCountry "DEN"]
[WhiteFideId "1415964"]
[BlackFideId "1463969"]

1. d4 Nf6 2. Bf4 g6 3. e3 Bg7 4. Nf3 O-O 5. Be2 d6 6. O-O c5 7. c3 Qb6 8. Na3 Qxb2 9. Nb5 Na6 10. Bc4 Bf5 11. Bd3 Nh5 12. Bg5 Rfe8 13. Rb1 Qxa2 14. Bxf5 gxf5 15. Nh4 Nf6 16. Nxf5 Qd5 17. Bxf6 Qxf5 18. Bxg7 Kxg7 19. Qe2 Rg8 20. e4 Qf4 21. g3 Kh8 22. e5 dxe5 23. Qxe5+ Qxe5 24. dxe5 Rgd8 25. Rfd1 c4 26. Rxd8+ Rxd8 27. Nxa7 Rd3 28. Rxb7 Rxc3 29. Rxe7 Rc1+ 30. Kg2 c3 31. Re8+ Kg7 32. Rc8 c2 33. Rc4 Nb4 34. Nc6 Re1 35. Nxb4 c1=Q 36. Rxc1 Rxc1 37. f4 Rc5 38. h3  1/2-1/2

[Event "G7-1"]
[Site "Svendborg"]
[Date "2019.04.17"]
[Round "2"]
[White "Christensen, Jacob Foged"]
[Black "Jensen, Morten Frank"]
[Result "0-1"]
[WhiteElo "1995"]
[BlackElo "2024"]
[EventDate "2019.04.16"]
[EventRounds "7"]
[EventCountry "DEN"]
[WhiteFideId "1439073"]
[BlackFideId "1407325"]

1. d4 g6 2. Nf3 Bg7 3. e4 d6 4. Bc4 Nf6 5. Nbd2 O-O 6. O-O c5 7. dxc5 dxc5 8. Qe2 Nc6 9. c3 Na5 10. Rd1 Nxc4 11. Nxc4 Qc7 12. e5 Ne8 13. Bf4 h6 14. Bg3 Be6 15. Ne3 Qc6 16. c4 Nc7 17. Rd2 Rfd8 18. Rad1 Rxd2 19. Rxd2 b5 20. cxb5 Nxb5 21. Nc4 a5 22. a3 a4 23. Ne3 Nc7 24. Qd3 Rb8 25. Nh4 Kh7 26. f4 Rb3 27. Qe2 Qe4 28. Kf2 Nd5 29. Nxd5 Bxd5 30. Nf3 e6 31. Qa6 Bc4 32. Qxa4 Qe3#  0-1

[Event "G7-1"]
[Site "Svendborg"]
[Date "2019.04.17"]
[Round "2"]
[White "Schoning, Lars"]
[Black "Hemdorff, Dennis"]
[Result "0-1"]
[WhiteElo "1935"]
[BlackElo "2031"]
[EventDate "2019.04.16"]
[EventRounds "7"]
[EventCountry "DEN"]
[WhiteFideId "816124"]
[BlackFideId "1409506"]

1. d4 Nf6 2. c4 b6 3. Nc3 e6 4. Bg5 Be7 5. Nf3 Bb7 6. e3 d6 7. Bd3 Nbd7 8. O-O a6 9. Re1 h6 10. Bh4 O-O 11. Qe2 c5 12. Rad1 Re8 13. Bb1 Qc7 14. Nd2 d5 15. Bg3 Bd6 16. a4 Rad8 17. Bxd6 Qxd6 18. dxc5 bxc5 19. Nde4 Qc6 20. Nxf6+ Nxf6 21. f3 Rd7 22. Bc2 Red8 23. b3 Qb6 24. Qd3 d4 25. Ne2 dxe3 26. Qxe3 Rxd1 27. Rxd1 Rxd1+ 28. Bxd1 Qd6 29. Bc2 e5 30. Qd3 Qxd3 31. Bxd3 e4 32. fxe4 Nxe4 33. Bc2 Kf8 34. Nf4 Ke7 35. g3 Kd6 36. Kf1 Ke5 37. Ke1 Kd4 38. Ne2+ Ke3 39. Bxe4 Bxe4 40. Nc3 Bc2 41. Nd5+ Kd4 42. b4 Bxa4 43. bxc5 Kxc5 44. Ne3 Bd7 45. Kd2 a5 46. Kc3 a4 47. Nc2 Be6 48. Ne3 f5 49. h4 g5 50. hxg5 hxg5 51. Nc2 Bd7 52. Nd4 Kd6 53. Nf3 g4 54. Kd4 gxf3  0-1

[Event "G7-1"]
[Site "Svendborg"]
[Date "2019.04.17"]
[Round "2"]
[White "Mortensen, Henrik"]
[Black "Fogh, Jens Olaf Svanholm"]
[Result "0-1"]
[WhiteElo "1923"]
[BlackElo "2099"]
[EventDate "2019.04.16"]
[EventRounds "7"]
[EventCountry "DEN"]
[WhiteFideId "1401424"]
[BlackFideId "1409476"]

1. Nf3 d5 2. b3 c5 3. e4 dxe4 4. Ne5 Nf6 5. Bc4 e6 6. Bb2 Bd6 7. O-O Qc7 8. f4 a6 9. a4 Nbd7 10. Nxd7 Bxd7 11. g3 Bc6 12. Qe2 h5 13. f5 Be5 14. d4 cxd4 15. fxe6 fxe6 16. Bxe6 e3 17. Bh3 Bxg3 18. Bxd4 Bf4 19. Bxe3 Bxe3+ 20. Qxe3+ Qe7 21. Qxe7+ Kxe7 22. Na3 Rhe8 23. Bg2 Bxg2 24. Kxg2 Kf7 25. Rad1 Kg6 26. Nc4 Rac8 27. a5 Rc5 28. Rd3 Ng4 29. Rd6+ Kh7 30. Rd2 Rxc4 31. bxc4 Ne3+ 32. Kf2 Nxf1 33. Kxf1 Re4 34. Rd5 Rxc4 35. Rxh5+ Kg6 36. Re5 Rxc2 37. Kg1 Rb2 38. Rd5 Kh6 39. Re5 g5 40. Rd5 Kh5 41. Rc5 Rb5 42. Rc7 Rxa5 43. Rxb7 Ra2 44. Ra7 a5 45. Ra6 a4 46. Ra8 Kg4 47. Ra7 a3 48. Ra8 Kf3 49. Rf8+ Ke3 50. Re8+ Kd2 51. Rg8 Rc2 52. Rxg5 a2 53. Ra5 Kc1 54. h4 Kb1  0-1

[Event "G7-1"]
[Site "Svendborg"]
[Date "2019.04.17"]
[Round "2"]
[White "Nielsen, Thomas"]
[Black "Steenstrup, Svend"]
[Result "1/2-1/2"]
[WhiteElo "1945"]
[BlackElo "1964"]
[EventDate "2019.04.16"]
[EventRounds "7"]
[EventCountry "DEN"]
[WhiteFideId "1407147"]
[BlackFideId "1409182"]

1. d4 Nf6 2. c4 g6 3. Nc3 d5 4. cxd5 Nxd5 5. e4 Nxc3 6. bxc3 Bg7 7. Bc4 c5 8. Ne2 Nc6 9. Be3 O-O 10. O-O Bd7 11. Rb1 b6 12. Qd2 Qc7 13. Rbc1 Rad8 14. Bh6 Na5 15. Bd3 e5  1/2-1/2

[Event "G7-1"]
[Site "Svendborg"]
[Date "2019.04.17"]
[Round "2"]
[White "Poulsen, Peter Risgaard"]
[Black "Rossen, Claus"]
[Result "0-1"]
[WhiteElo "1899"]
[BlackElo "2159"]
[EventDate "2019.04.16"]
[EventRounds "7"]
[EventCountry "DEN"]
[WhiteFideId "1407333"]
[BlackFideId "1403222"]

1. d4 Nf6 2. Nc3 g6 3. Bf4 Bg7 4. e4 d6 5. Qd2 c6 6. Bh6 Bxh6 7. Qxh6 Qa5 8. Bd3 c5 9. dxc5 Qxc5 10. O-O-O Nc6 11. Nf3 Bg4 12. Rhe1 Bxf3 13. gxf3 O-O-O 14. Qe3 e6 15. Qxc5 dxc5 16. e5 Nd5 17. Nb5 Rhf8 18. Re4 f5 19. Ree1 a6 20. Nd6+ Kc7 21. Bc4 Nf4 22. Bb3 Nxe5 23. Rxe5 Rxd6 24. Rxc5+ Rc6 25. Re5 Rd8 26. Rxd8 Kxd8 27. Re3 Ke7 28. c3 Kf6 29. Kc2 Rd6 30. Bc4 Nh3 31. Re2 Ng5 32. Re3 f4 33. Re2 Nxf3 34. b4 Nxh2 35. Bd3 h5 36. c4 Ng4 37. c5 Rd4 38. Kc3 e5 39. Be4 Nxf2 40. Bxb7 Nd1+ 41. Kc2 Rxb4 42. c6 Ne3+ 43. Kc1 Rc4+ 44. Kb1 e4  0-1

[Event "G7-1"]
[Site "Svendborg"]
[Date "2019.04.18"]
[Round "3"]
[White "Fogh, Jens Olaf Svanholm"]
[Black "Rossen, Claus"]
[Result "1/2-1/2"]
[WhiteElo "2099"]
[BlackElo "2159"]
[EventDate "2019.04.16"]
[EventRounds "7"]
[EventCountry "DEN"]
[WhiteFideId "1409476"]
[BlackFideId "1403222"]

1. d4 Nf6 2. Nf3 g6 3. c4 Bg7 4. e3 O-O 5. Be2 d5 6. cxd5 Nxd5 7. e4 Nb6 8. Be3 c5 9. Nc3 cxd4 10. Bxd4 Nc6 11. Bxg7 Kxg7 12. Qc1 Bg4 13. Nd2 Bxe2 14. Nxe2 Rc8 15. Qc3+ e5 16. Qb3 Na5 17. Qb5 Nac4 18. Nxc4 Nxc4 19. Rd1 Qa5+ 20. Qxa5 Nxa5 21. Rc1 Rxc1+ 22. Nxc1 Rd8 23. Ke2 Nc6 24. Nd3 Nd4+ 25. Ke3 Nc2+ 26. Ke2 Nd4+ 27. Ke3 Nc2+  1/2-1/2

[Event "G7-1"]
[Site "Svendborg"]
[Date "2019.04.18"]
[Round "3"]
[White "Ramkilde, Mikael"]
[Black "Christensen, Jacob Foged"]
[Result "0-1"]
[WhiteElo "1949"]
[BlackElo "1995"]
[EventDate "2019.04.16"]
[EventRounds "7"]
[EventCountry "DEN"]
[WhiteFideId "1439391"]
[BlackFideId "1439073"]

1. e4 c5 2. Nf3 g6 3. d4 cxd4 4. Nxd4 Bg7 5. Nc3 Nc6 6. Be3 Nf6 7. f3 d5 8. Nxc6 bxc6 9. e5 Nd7 10. f4 O-O 11. Be2 Bb7 12. O-O e6 13. Bf3 a6 14. Qe1 c5 15. Bf2 Rb8 16. Rd1 Qc7 17. Bg4 Nb6 18. Rd3 d4 19. Ne4 Bxe4 20. Qxe4 Nd5 21. c4 dxc3 22. bxc3 Rb2 23. c4 Nb4 24. Rh3 Rxa2 25. Qe3 Ra5 26. Bh4 Nc2 27. Qf2 Nd4 28. Bf6 Nf5 29. Bxf5 exf5 30. Qh4 h5 31. Qg5 Qd7 32. Bxg7 Qd4+ 33. Kh1 Ra1 34. Rhf3 Kxg7 35. Qf6+ Kg8 36. h3 Rxf1+ 37. Rxf1 Qxc4 38. Rf3 Qe6 39. Qg5 Kg7 40. Rg3 Rh8 41. Rd3 Re8 42. Rd6 Qe7 43. Qxe7 Rxe7 44. Rxa6 Rc7 45. Ra3 c4 46. Rc3 f6 47. exf6+ Kxf6 48. Kg1 Ke6 49. Kf2 Kd5 50. Ke3 Re7+ 51. Kd2 Kd4 52. Rg3 Re6 53. h4 Ra6 54. Kc2 Rb6 55. Rf3 Rb3 56. Rf1 Rg3 57. Rf2 c3 58. Re2 Re3 59. Rf2 Rd3 60. Re2 Rd2+ 61. Rxd2+ cxd2 62. Kxd2 Ke4 63. Ke2 Kxf4 64. Kf2 Kg4 65. g3 f4 66. gxf4 Kxf4  0-1

[Event "G7-1"]
[Site "Svendborg"]
[Date "2019.04.18"]
[Round "3"]
[White "Jensen, Morten Frank"]
[Black "Nielsen, Thomas"]
[Result "1-0"]
[WhiteElo "2024"]
[BlackElo "1945"]
[EventDate "2019.04.16"]
[EventRounds "7"]
[EventCountry "DEN"]
[WhiteFideId "1407325"]
[BlackFideId "1407147"]

1. d4 d5 2. Nc3 c6 3. Bf4 Bf5 4. f3 e6 5. g4 Bg6 6. e3 Bb4 7. Nge2 Nd7 8. a3 Ba5 9. Qd2 h5 10. g5 Ne7 11. h4 Rc8 12. b4 Bc7 13. Kf2 Nb6 14. Bxc7 Qxc7 15. Nf4 Nf5 16. Bd3 Nc4 17. Bxc4 dxc4 18. e4 Ne7 19. Nce2 e5 20. dxe5 Qxe5 21. Rad1 O-O 22. Qd6 Qxd6 23. Rxd6 Rfd8 24. Rhd1 Rxd6 25. Rxd6 Rc7 26. Ng3 Kh7 27. Ngxh5 f5 28. Nxg6 Nxg6 29. exf5 Nxh4 30. Ng3 Re7 31. Rd4  1-0

[Event "G7-1"]
[Site "Svendborg"]
[Date "2019.04.18"]
[Round "3"]
[White "Sterup, Sebastian"]
[Black "Mortensen, Henrik"]
[Result "1-0"]
[WhiteElo "2027"]
[BlackElo "1923"]
[EventDate "2019.04.16"]
[EventRounds "7"]
[EventCountry "DEN"]
[WhiteFideId "1463969"]
[BlackFideId "1401424"]

1. d4 Nf6 2. c4 e6 3. Nf3 c5 4. d5 exd5 5. cxd5 d6 6. Nc3 g6 7. Bf4 a6 8. a4 Bg7 9. h3 O-O 10. e3 Re8 11. Be2 Qc7 12. Nd2 Nfd7 13. Nc4 Ne5 14. Nxe5 Bxe5 15. Bxe5 Rxe5 16. O-O Nd7 17. e4 Rb8 18. f4 Re8 19. e5 dxe5 20. d6 Qd8 21. Nd5 e4 22. f5 b5 23. axb5 axb5 24. f6 h6 25. Qb3 c4 26. Qg3 Re5 27. Ne7+ Kh7 28. Bg4 Rg5 29. h4 Rxg4 30. Qxg4 Nxf6 31. Rxf6 Bxg4 32. Rxf7+ Kh8 33. Nxg6+ Kg8 34. Raa7 Qb6+ 35. Kh1 Qxa7 36. Rxa7 Rd8 37. Ne5 Bh5 38. d7 e3 39. Kg1 e2 40. Kf2 Rf8+ 41. Nf3 Bxf3 42. gxf3 Rd8 43. Kxe2 Kf7 44. Kd2 b4 45. Ke3 Ke7 46. Kd4 c3 47. bxc3 bxc3 48. Kxc3 Rb8 49. Kc4 Rb1 50. Kc5 Rb3 51. f4 Rf3 52. d8=Q+ Kxd8 53. Kd6 Ke8 54. Ke6 Kf8 55. f5 Rf4 56. h5 Rf1 57. Rh7 Kg8 58. Rxh6 Re1+ 59. Kf6 Ra1 60. Rg6+ Kh8 61. Kg5 Rf1 62. Rb6 Kg7 63. Rb7+ Kg8 64. h6 Rg1+ 65. Kf6 Kh8 66. Kf7 Rf1 67. f6 Re1 68. Kf8 Re6 69. f7 Rf6 70. Ke7 Rf3 71. Rb8+ Kh7 72. f8=Q Re3+ 73. Kd6 Rd3+ 74. Kc5  1-0

[Event "G7-1"]
[Site "Svendborg"]
[Date "2019.04.18"]
[Round "3"]
[White "Schoning, Lars"]
[Black "Poulsen, Peter Risgaard"]
[Result "1/2-1/2"]
[WhiteElo "1935"]
[BlackElo "1899"]
[EventDate "2019.04.16"]
[EventRounds "7"]
[EventCountry "DEN"]
[WhiteFideId "816124"]
[BlackFideId "1407333"]

1. d4 d6 2. c4 f5 3. Nc3 Nf6 4. h3 g6 5. Bf4 e6 6. e3 Bg7 7. Be2 O-O 8. Bf3 Nc6 9. Bh2 Qe7 10. a3 e5 11. d5 Nd8 12. e4 Nf7 13. Bg3 g5 14. exf5 Bxf5 15. Bg4 Nh6 16. Bxf5 Nxf5 17. Nge2 Rae8  1/2-1/2

[Event "G7-1"]
[Site "Svendborg"]
[Date "2019.04.18"]
[Round "3"]
[White "Steenstrup, Svend"]
[Black "Christensen, Janus"]
[Result "0-1"]
[WhiteElo "1964"]
[BlackElo "2109"]
[EventDate "2019.04.16"]
[EventRounds "7"]
[EventCountry "DEN"]
[WhiteFideId "1409182"]
[BlackFideId "1408402"]

1. d4 Nf6 2. c4 g6 3. Nc3 Bg7 4. e4 d6 5. h3 O-O 6. Nf3 c5 7. dxc5 Qa5 8. Bd2 Qxc5 9. b4 Qb6 10. Bd3 Nc6 11. a3 e6 12. Be3 Qd8 13. Qd2 d5 14. cxd5 exd5 15. e5 Ne4 16. Nxe4 dxe4 17. Bxe4 Nxe5 18. Rd1 Nxf3+ 19. Bxf3 Qxd2+ 20. Bxd2 Re8+ 21. Be3 Bc3+ 22. Ke2 a5 23. b5 a4 24. Rd3 Bb2 25. Kd2 Bf5 26. Bxb7 Bxd3 27. Bxa8 Bxb5 28. Rb1 Rd8+ 29. Kc2 Bd3+ 30. Kxb2 Rb8+ 31. Kc3 Bxb1 32. Bd5 Rd8 33. Bc4 Be4 34. g3 Rb8 35. Bf4 Rb7 36. Kd4 Bf5 37. g4 Be6 38. Bd3 Rb3 39. Bd6 g5 40. Bc2 Rxh3 41. Bxa4 Bxg4 42. Bg3 h5 43. Bc6 h4 44. Bd6 Bf3 45. Bd7 Rh1 46. a4 h3 47. Ke3 Bg2  0-1

[Event "G7-1"]
[Site "Svendborg"]
[Date "2019.04.19"]
[Round "4"]
[White "Rossen, Claus"]
[Black "Sterup, Sebastian"]
[Result "1-0"]
[WhiteElo "2159"]
[BlackElo "2027"]
[EventDate "2019.04.16"]
[EventRounds "7"]
[EventCountry "DEN"]
[WhiteFideId "1403222"]
[BlackFideId "1463969"]

1. e4 e5 2. Nf3 Nc6 3. d4 exd4 4. Nxd4 Nf6 5. Nxc6 bxc6 6. e5 Qe7 7. Qe2 Nd5 8. c4 Nb6 9. Nd2 Qe6 10. g3 Ba6 11. b3 Bb4 12. Bb2 O-O 13. Bg2 d5 14. exd6 Bxd2+ 15. Kxd2 Qxd6+ 16. Qd3 Qh6+ 17. Qe3 Rad8+ 18. Kc2 Qg6+ 19. Qe4 f5 20. Qf4 Rfe8 21. Rhe1 Rd6 22. Rad1 Ree6 23. Rxd6 cxd6 24. Rxe6 Qxe6 25. Bxc6 d5 26. Qe5 Qxe5 27. Bxe5 dxc4 28. b4 Bc8 29. Bd4 Nd7 30. Bd5+ Kf8 31. Bxa7 Ne5 32. Kc3 Ng4 33. b5 Ke7 34. Bd4 Kd6 35. Kxc4 Nxh2 36. b6 Ng4 37. b7 Bxb7 38. Bxb7  1-0

[Event "G7-1"]
[Site "Svendborg"]
[Date "2019.04.19"]
[Round "4"]
[White "Christensen, Janus"]
[Black "Fogh, Jens Olaf Svanholm"]
[Result "1/2-1/2"]
[WhiteElo "2109"]
[BlackElo "2099"]
[EventDate "2019.04.16"]
[EventRounds "7"]
[EventCountry "DEN"]
[WhiteFideId "1408402"]
[BlackFideId "1409476"]

1. e4 e6 2. d4 d5 3. Nc3 dxe4 4. Nxe4 Nd7 5. Bc4 Ngf6 6. Ng5 h6 7. N5f3 Bd6 8. Ne2 O-O 9. Bf4 Qe7 10. O-O e5 11. dxe5 Nxe5 12. Nxe5 Bxe5 13. Bxe5 Qxe5 14. Qd4 Ng4 15. Qxe5 Nxe5 16. Bb3 Nd7 17. Nf4 Nc5 18. Nd5 c6 19. Ne7+ Kh7 20. Nxc8 Nxb3 21. axb3 Rfxc8 22. Rfe1 Re8 23. Kf1 a6 24. Rad1 Rxe1+ 25. Rxe1 Rd8 26. Re7 Rd2 27. Rxf7 Rxc2 28. Rxb7 Rxb2 29. Rb6 a5 30. Rxc6 Rxb3 31. Ra6 Ra3 32. h4 h5 33. f3 Ra2 34. Kg1 a4 35. Kh2 a3 36. Kg3 Kg8 37. Ra7 Kf8 38. Kf4 Rxg2  1/2-1/2

[Event "G7-1"]
[Site "Svendborg"]
[Date "2019.04.19"]
[Round "4"]
[White "Jepsen, Thomas Tange"]
[Black "Nielsen, Thomas"]
[Result "1/2-1/2"]
[WhiteElo "2115"]
[BlackElo "1945"]
[EventDate "2019.04.16"]
[EventRounds "7"]
[EventCountry "DEN"]
[WhiteFideId "1405357"]
[BlackFideId "1407147"]

1. d4 d5 2. c4 e6 3. Nc3 c5 4. cxd5 exd5 5. Nf3 Nc6 6. g3 Nf6 7. Bg2 Be7 8. O-O O-O 9. dxc5 Bxc5 10. Bg5 Be6 11. Rc1 Be7 12. Nd4 h6 13. Bf4 Qd7 14. Nxc6 bxc6 15. Na4 Rac8 16. Nc5 Bxc5 17. Rxc5 Bh3 18. Qa4 Rfe8 19. Re1 Bxg2 20. Kxg2 Re4 21. Qc2 Rxf4 22. gxf4 Qg4+ 23. Kh1 Ne4 24. e3 Qf3+ 25. Kg1 Qg4+ 26. Kh1 Qf3+ 27. Kg1 Qg4+ 28. Kh1 Qf3+  1/2-1/2

[Event "G7-1"]
[Site "Svendborg"]
[Date "2019.04.19"]
[Round "4"]
[White "Hemdorff, Dennis"]
[Black "Jensen, Morten Frank"]
[Result "1/2-1/2"]
[WhiteElo "2031"]
[BlackElo "2024"]
[EventDate "2019.04.16"]
[EventRounds "7"]
[EventCountry "DEN"]
[WhiteFideId "1409506"]
[BlackFideId "1407325"]

1. d4 g6 2. c4 Bg7 3. Nc3 c5 4. d5 e5 5. e4 d6 6. Be2 Nd7 7. Nf3 Ndf6 8. h3 Ne7 9. Be3 O-O 10. Qd2 a6 11. a4 b6 12. O-O a5  1/2-1/2